Great Literature #59 - Statistics

General Stats
  • This quiz has been taken 26 times
  • The average score is 4 of 20
Answer Stats
Hint Explanation Answer % Correct
Kālidāsa 4th–5th century CE (अभिज्ञानशाकुन्तलम्) Śakuntalā
65%
Mahatma Gandhi 1928 (દક્ષિણ આફ્રિકામાં સત્યાગ્રહ) Satyagraha in South Africa
52%
Barbara Ehrenreich 2001 Nickel and Dimed: On (Not) Getting By in America
43%
anonymous betw. 1140 and 1207 (El Cantar de mio Cid) The Poem of the Cid
35%
Jens Peter Jacobson 1880 Niels Lyhne
26%
Vercors (Jean Bruller) 1942 (Le Silence de la mer) Silence of the Sea (also: Put Out the Light)
22%
Hanya Yanagihara 2015 A Little Life
17%
Antal Szerb 1937 (Utas és holdvilág) Journey by Moonlight
17%
Hendrik Conscience 1838 (De Leeuw van Vlaenderen, of de Slag der Gulden Sporen The Lion of Flanders
17%
Ross Macdonald 1962 The Zebra-Striped Hearse
13%
Jin Yong 2017. This is the first of four volumes that comprise an English translation of The Legend of the Condor Heroes (射鵰英雄傳), originally published in 1957, which in turn is the first part of The Condor Trilogy (射鵰三部曲) A Hero Born
9%
Sybille Bedford 1956 A Legacy
9%
Felix Timmermans 1916 Pallieter
9%
Larry Niven 1970 Ringworld
9%
Ernst Jünger 1920 (In Stahlgewittern) Storm of Steel (also: In Storms of Steel)
9%
Charles Webb 1963 The Graduate
9%
Richard Powers 2018 The Overstory
9%
Dorothy L. Sayers 1930 Strong Poison
4%
Marguerite Yourcenar 1968 (L'Œuvre au noir) The Abyss (also: Zeno of Bruges)
4%
Eugenio Montale 1958 (“Su una lettera non scrittura”) About an Unwritten Letter
0%
No matching quizzes found
Score Distribution
Percent of People with Each Score
Percentile by Number Answered
Your Score History
You have not taken this quiz